LIBRARY & INFORMATION CENTRE, KCAET, TAVANUR

ONLINE PUBLIC ACCESS CATALOGUE (OPAC)

Kerala treasury code (Record no. 7672)

MARC details
000 -LEADER
fixed length control field 00387cam a2200169ua 4500
041 ## - LANGUAGE CODE
Language code of text/sound track or separate title eng
082 ## - DEWEY DECIMAL CLASSIFICATION NUMBER
Classification number 028.70335
Item number FIN/KE
100 ## - MAIN ENTRY--AUTHOR NAME
Personal name Finance department, .
245 ## - TITLE STATEMENT
Title Kerala treasury code
260 ## - PUBLICATION, DISTRIBUTION, ETC. (IMPRINT)
Place of publication :
Name of publisher Goverment of kerala ,
Year of publication 1976.
300 ## - PHYSICAL DESCRIPTION
Number of Pages 413 ; .
942 ## - ADDED ENTRY ELEMENTS (KOHA)
Koha item type Books
Holdings
Withdrawn status Lost status Damaged status Home library Current library Date acquired Full call number Accession Number Koha item type
Withdrawn     KAUAET KAUAET 07/04/2012 028.70335 13604 Books
      KAUAET KAUAET 16/11/2023 028.70335 FIN/KE 13603 Books
free website counter